| 000 | 00692nam a2200217 4500 | ||
|---|---|---|---|
| 001 | 113523 | ||
| 003 | ES-MaACL | ||
| 005 | 20230906185927.0 | ||
| 007 | t| | ||
| 008 | 061121s1931 fr r ||||1| fre d | ||
| 100 | 1 |
_aPalamas, Kostes ( _d1859-1943) _988458 |
|
| 245 | 1 | 4 |
_aLes douze paroles du Tzigane / _cCostis Palamas ; traduit du néo-grec par Eugène Clement ; préface de Henry Bidou. |
| 260 |
_aParis : _bLibrairie Stock, _c1931. |
||
| 300 |
_aX, 207 p. ; _c19 cm. |
||
| 490 | 1 | _aCabinet cosmopolite | |
| 700 | 1 |
_aClément, Eugène. _939178 |
|
| 700 | 1 |
_aBidon, Henry. _928790 |
|
| 830 | 0 |
_aCabinet cosmopolite _9229845 |
|
| 852 |
_aES-MaACL _jA-3763 |
||
| 999 |
_c113523 _d113523 |
||